000
00257nam a22001217a 4500
003
SGT
082
_a
301.18
_b
SHU
100
_a
SHUKLA, MADHUKAR
245
_a
UNDERSTANDING ORGANISATIONS
260
_a
DELHI
_b
PHI
_c
1999
300
_a
264
942
_2
ddc
_c
BK
999
_c
22754
_d
22754